Gaming Quiz

Random Gaming or Nintendo Quiz

Super Smash Bros. Quiz Stats

 Plays Quiz Updated Sep 17, 2019

Score 0/76 Timer 08:00
97 Plays Today
Character % Correct
Mario
98.6%
Luigi
96.7%
Link
91.7%
Pikachu
89.2%
Kirby
88%
Donkey Kong
86.5%
Princess Peach
86.1%
Fox
86%
Samus
83.7%
Bowser
83%
Zelda
82.4%
Jigglypuff
82%
Captain Falcon
81.4%
Ness
80.2%
Yoshi
78.8%
Falco
77%
Marth
72.5%
Daisy
71.2%
Wario
70%
Pokémon Trainer (Squirtle, Ivysaur, & Charizard)
68.8%
Mewtwo
68.7%
Diddy Kong
68.1%
Ganondorf
67.9%
Mr. Game & Watch
66.2%
Roy
65.7%
Snake
65.2%
Sonic
64.2%
Bayonetta
63.2%
King K. Rool
61.4%
Bowser Jr.
61.3%
Ridley
61.1%
Dr. Mario
61.1%
Dark Samus
60.8%
Meta Knight
60.7%
Ice Climbers
60.7%
Ike
60.4%
Pac-Man
60.2%
Sheik
59.9%
Character % Correct
Young Link
59.9%
Lucas
59.8%
Cloud
59.7%
Mega Man
59.6%
Lucina
59.5%
Pichu
59.4%
Wolf
59.3%
Dark Pit
59.2%
Toon Link
59.1%
Ryu
59%
Lucario
58.9%
King Dedede
57.6%
Greninja
57.3%
Pit
56.2%
Ken
56.2%
Wii Fit Trainer
55.8%
Chrom
55.8%
Incineroar
55.6%
Rosalina & Luma
55.3%
Joker
55.3%
Simon
54.9%
Hero
54.5%
Robin
54.5%
Little Mac
54.2%
Corrin
53.6%
Isabelle
53.1%
Zero Suit Samus
52.9%
Villager
52.8%
R.O.B.
52.5%
Richter
51.9%
Duck Hunt
51.2%
Palutena
50.8%
Piranha Plant
50.2%
Inkling
50.1%
Mii Fighters
47.9%
Olimar
47.4%
Shulk
47%
Banjo and Kazooie
46.8%

You're not logged in!

Compare scores with friends on all Sporcle quizzes.
OR
Log In

Sporcle TV

Today on Sporcle TV


Watch our educational content, quiz creation guides, and fun videos on Sporcle TV.

Show Comments

Extras

Top Quizzes Today


Score Distribution

Your Account Isn't Verified!

In order to create a playlist on Sporcle, you need to verify the email address you used during registration. Go to your Sporcle Settings to finish the process.

Report this User

Report this user for behavior that violates our Community Guidelines.

Details: